MEDICINAL PLANTS (Record no. 6766)
[ view plain ]
| 000 -LEADER | |
|---|---|
| fixed length control field | 00484nam a22001337a 4500 |
| 082 ## - DEWEY DECIMAL CLASSIFICATION NUMBER | |
| Classification number | 080 |
| Item number | SAT/M |
| 100 ## - MAIN ENTRY--AUTHOR NAME | |
| Personal name | SATHEESAN |
| 245 ## - TITLE STATEMENT | |
| Title | MEDICINAL PLANTS |
| 260 ## - PUBLICATION, DISTRIBUTION, ETC. (IMPRINT) | |
| Place of publication | THRISSUR |
| Name of publisher | H & C PUBLISHING HOUSE |
| Year of publication | 2009 |
| 300 ## - PHYSICAL DESCRIPTION | |
| Number of Pages | 48 |
| 520 ## - SUMMARY, ETC. | |
| Summary, etc | What is a medicinal plant? A medicinal plant is any plant which, in one or more of its organs, contains substances that can be used for therapeutic purposes or which are precursors for the synthesis of useful drugs. |
| 650 ## - SUBJECT ADDED ENTRY--TOPICAL TERM | |
| Topical Term | G.K |
| 942 ## - ADDED ENTRY ELEMENTS (KOHA) | |
| Koha item type | Books |
| Withdrawn status | Lost status | Collection code | Home library | Current library | Shelving location | Date acquired | Source of acquisition | Cost, normal purchase price | Full call number | Accession Number | Koha item type |
|---|---|---|---|---|---|---|---|---|---|---|---|
| G.K | Main Library | Main Library | SHELF-17E-SCIENCE RELATED BOOKS | 03/06/2023 | Purchase | 10.00 | 080 SAT/M | 04540 | Books |